Guess the Coin! Europe Edition - Statistics

General Stats
  • This quiz has been taken 1,090 times
  • The average score is 29 of 46
Answer Stats
Picture Answer % Correct
Belgium
97%
Germany
96%
Spain
96%
France
95%
Portugal
95%
Slovenia
94%
Sweden
94%
Bosnia and Herzegovina
87%
Czech Republic
87%
Ukraine
87%
Greece
86%
Switzerland
86%
Croatia
83%
Denmark
83%
Monaco
83%
Vatican City
83%
Poland
80%
United Kingdom
78%
Estonia
76%
Norway
76%
Luxembourg
75%
Hungary
68%
Iceland
67%
Lithuania
65%
Italy
64%
Latvia
62%
Russia
62%
Slovakia
59%
Austria
53%
Finland
52%
Belarus
49%
North Macedonia
48%
Serbia
48%
Ireland
46%
Bulgaria
45%
Albania
43%
Georgia
41%
Moldova
37%
Armenia
36%
Türkiye
35%
Netherlands
28%
Romania
28%
Azerbaijan
26%
Malta
23%
Cyprus
21%
San Marino
21%
No matching quizzes found
Score Distribution
Percent of People with Each Score
Percentile by Number Answered
Your Score History
You have not taken this quiz